| 000 | 01395cam a2200325 i 4500 | ||
|---|---|---|---|
| 942 | _cBK | ||
| 999 |
_c524 _d524 |
||
| 001 | 19406505 | ||
| 003 | OSt | ||
| 005 | 20250420134814.0 | ||
| 008 | 161214s2017 riu b 001 0 eng | ||
| 010 | _a 2016057500 | ||
| 020 | _a9781470435837 | ||
| 040 |
_aDLC _beng _cKCST _erda |
||
| 042 | _apcc | ||
| 050 | 0 | 0 |
_aQA162 _b.W33 2017 |
| 082 | 0 | 0 |
_a512.02 _223 _bWa Pr |
| 100 | 1 |
_aWadsworth, Adrian R., _d1947- _94821 |
|
| 245 | 1 | 0 |
_aProblems in abstract algebra / _cA.R. Wadsworth. |
| 260 |
_aProvidence, Rhode Island : _bAmerican Mathematical Society, _c2017. |
||
| 300 |
_aviii, 277 pages ; _c22 cm. |
||
| 490 | 0 |
_aStudent mathematical library ; _vvolume 82 |
|
| 504 | _aIncludes bibliographical references and indexes. | ||
| 650 | 0 |
_aAlgebra, Abstract _vTextbooks. _94822 |
|
| 650 | 7 |
_aGeneral -- General and miscellaneous specific topics -- Problem books. _2msc _94823 |
|
| 650 | 7 |
_aField theory and polynomials -- Instructional exposition (textbooks, tutorial papers, etc.). _2msc _94824 |
|
| 650 | 7 |
_aCommutative algebra -- Instructional exposition (textbooks, tutorial papers, etc.). _2msc _94825 |
|
| 650 | 7 |
_aLinear and multilinear algebra; matrix theory -- Instructional exposition (textbooks, tutorial papers, etc.). _2msc _94826 |
|
| 650 | 7 |
_aGroup theory and generalizations -- Instructional exposition (textbooks, tutorial papers, etc.). _2msc _94827 |
|
| 942 | _2ddc | ||